Деформация и разрушение термически выращенных оксидных плёнок в условиях периодического распределения напряжений; Современные техника и технологии; Т. 2

書目詳細資料
Parent link:Современные техника и технологии: сборник трудов XVI Международной научно-практической конференции студентов, аспирантов и молодых ученых, Томск, 12-16 апреля 2010 г/ Национальный исследовательский Томский политехнический университет (ТПУ).— , 2010
Т. 2.— 2010.— [С. 156-158]
主要作者: Козельская А. И. Анна Ивановна
其他作者: Панин А. В. (научный руководитель)
總結:Заглавие с титульного листа
Электронная версия печатной публикации
語言:俄语
出版: 2010
主題:
在線閱讀:http://www.lib.tpu.ru/fulltext/c/2010/C01/V2/065.pdf
格式: 電子 Book Chapter
KOHA link:https://koha.lib.tpu.ru/cgi-bin/koha/opac-detail.pl?biblionumber=232804

MARC

LEADER 00000nla2a2200000 4500
001 232804
005 20250829122330.0
035 |a (RuTPU)RU\TPU\book\253860 
035 |a RU\TPU\book\253827 
090 |a 232804 
100 |a 20130220d2010 k y0rusy50 ca 
101 0 |a rus 
102 |a RU 
105 |a y z 101zy 
135 |a drnn ---uucaa 
181 0 |a i  
182 0 |a b 
200 1 |a Деформация и разрушение термически выращенных оксидных плёнок в условиях периодического распределения напряжений  |f А. И. Козельская  |g науч. рук. А. В. Панин 
203 |a Текст  |c электронный 
215 |a 1 файл (250 Кб) 
300 |a Заглавие с титульного листа 
300 |a Электронная версия печатной публикации 
337 |a Adobe Reader 
461 0 |0 (RuTPU)RU\TPU\book\245271  |t Современные техника и технологии  |o сборник трудов XVI Международной научно-практической конференции студентов, аспирантов и молодых ученых, Томск, 12-16 апреля 2010 г  |o в 3 т.  |f Национальный исследовательский Томский политехнический университет (ТПУ)  |d 2010 
463 0 |0 (RuTPU)RU\TPU\book\250479  |t Т. 2  |v [С. 156-158]  |d 2010 
610 1 |a электронный ресурс 
610 1 |a оксидные пленки 
610 1 |a термические методы 
610 1 |a деформация 
610 1 |a разрушение 
610 1 |a напряжение 
610 1 |a периодичность 
610 1 |a защитные пленки 
610 1 |a металлические поверхности 
610 1 |a алюминиевые сплавы 
610 1 |a экспериментальные исследования 
700 1 |a Козельская  |b А. И.  |c физик  |c научный сотрудник Томского политехнического университета, кандидат физико-математических наук  |f 1985-  |g Анна Ивановна  |3 (RuTPU)RU\TPU\pers\39662  |9 21043 
702 1 |a Панин  |b А. В.  |4 727 
801 1 |a RU  |b 63413507  |c 20130213 
801 2 |a RU  |b 63413507  |c 20171018  |g RCR 
856 4 |u http://www.lib.tpu.ru/fulltext/c/2010/C01/V2/065.pdf 
942 |c CF